| 000 | 00592nam a22001817a 4500 | ||
|---|---|---|---|
| 005 | 20240110074914.0 | ||
| 008 | 240110b |||||||| |||| 00| 0 eng d | ||
| 020 | _a0409033227 | ||
| 041 | _aEnglish | ||
| 082 | _a347.6 HOF | ||
| 100 |
_aHoffmann, LH and Zeffert, DT _lEnglish |
||
| 245 |
_aThe South African Law of Evidence / _cLH Hoffmann and DT Zeffert |
||
| 250 | _aThird Edition | ||
| 260 |
_aDurban : _bButterworth and Company (Pty) Ltd, _c1981 |
||
| 300 |
_blxxii, 504 pages ; _c25,5 cm. |
||
| 650 |
_aLegal practice _bLaw |
||
| 942 |
_cBK _6ALISON_BN_VRIES |
||
| 999 |
_c1212 _d1212 |
||